000 00484cam a22002051 4500
001 sa 64001770
003 DLC
005 20260227112004.0
008 881028s1962 xx 000 0 beno
010 _asa 64001770
035 _a(OCoLC)23550212
040 _aDLC
_cMiU
_dDLC
042 _apremarc
050 0 0 _aPK1718.G825
_bL3
100 1 _aGupta, Mahendra,
_d1910-1984.
245 1 0 _aLakshahīrā.
260 _c[1962]
300 _a6, 106 p.
_c18 cm.
500 _aRomanized.
999 _c56917
_d56917